| 000 | 03576cam a22006254i 4500 | ||
|---|---|---|---|
| 003 | PE-LiUPU | ||
| 005 | 20250731180134.0 | ||
| 008 | 150625s r 000 0 d | ||
| 020 | _a8429151591 | ||
| 035 | _a(Sirsi) i9788429151596 | ||
| 040 |
_aPE-LiUPU _bspa _cPE-LiUPU _erda |
||
| 049 | _aPRUA | ||
| 082 | 0 | 4 |
_a510.7 _bS79 _221 |
| 100 | 1 |
_aSteiner, Erich, _eautor. |
|
| 245 | 1 | 0 |
_aMatemáticas para las ciencias aplicadas / _cErich Steiner ; [versión española por Salvador Jiménez]. |
| 264 | 1 |
_aBarcelona : _bReverté, _c2005. |
|
| 300 |
_a610 páginas : _bilustraciones,; tablas ; _c24 centímetros |
||
| 336 |
_atext _2rdacontent |
||
| 337 |
_aunmediated _2rdamedia |
||
| 338 |
_avolume _2rdacarrier |
||
| 505 | 0 | _aNúmeros, variables y álgebra. -Funciones algebraicas. -Funciones trascendetes. -Derivación. -Integración. -Métodos de integración. -Sucesiones y series. -Números complejos. -Funciones de varias variables. -Funciones en tres dimensiones. -Ecuaciones diferenciales de primer order. -Ecuaciones diferenciales de segundo orden. Coeficientes costantes -Ecuaciones diferenciales de segundo order. Algunas funcines. -Ecuaciones en derivadas parciales. -Desarrollo ortogonales. Análisis de fourier. -Vectores. -Determinantes. -Matrices y transformaciones lineales. -El problema de autovalores matriciales. -Métodos numéricos. -Probabiliad y estadística. | |
| 526 | _aSEG44 | ||
| 526 | _aSEG26 | ||
| 526 | _aP159 | ||
| 526 | _aP155 | ||
| 526 | _aP154 | ||
| 526 | _aP153 | ||
| 526 | _aP150 | ||
| 526 | _aP100 | ||
| 526 | _aP31 | ||
| 526 | _aP30 | ||
| 526 | _aP26 | ||
| 526 | _aP25 | ||
| 526 | _aP24 | ||
| 526 | _aP22 | ||
| 526 | _aP15 | ||
| 526 | _aP10 | ||
| 541 | _g003-001055; | ||
| 541 | _g015-009039; | ||
| 541 | _g044-0022575; | ||
| 541 | _g0054-0000884; | ||
| 650 | 0 | 4 |
_aMatemáticas _vTratados, manuales, etc. |
| 650 | 0 | 4 |
_aMatemáticas _xProblemas, ejercicios, etc. |
| 942 |
_2ddc _cBOOK |
||
| 949 |
_a510.7 S79 2 _wDEWEY _c3 _i60591 _lCCODEBUL1 _mBUL _p41.00 _r0 _sY _tBOOK _u2015-6-25 _xFCE _PP27 _0COMPRA _o.STAFF. Colección General |
||
| 949 |
_a510.7 S79 _wDEWEY _c1 _i57830 _lCCODEBUL1 _mBUL _p54.00 _r0 _sY _tBOOK _u2015-6-25 _xFCE _PP24 _0COMPRA _o.STAFF. Colección General |
||
| 949 |
_a510.7 S79 _wDEWEY _c2 _i59872 _lCCODEBUL1 _mBUL _p57.00 _r0 _sY _tBOOK _u2015-6-25 _xFCE _PP27 _0COMPRA _o.STAFF. Colección General |
||
| 949 |
_a510.7 S79 _wDEWEY _c3 _i72336 _lCCODEBUL1 _mBUL _p25.94 _r0 _sY _tBOOK _u2016-1-27 _xFCE _PP08 _0COMPRA _o.STAFF. Colección General |
||
| 994 |
_aC0 _bPEPRU |
||
| 596 | _a1 | ||
| 999 |
_a510.7 S79 _wDEWEY _c46828 _i57830 _d46828 _e2018-5-21 _f2021-11-5 _g6 _lCCODEBUL1 _mBUL _n4 _p54.00 _r0 _sN _tBOOK _u2015-6-25 _xBIBLIOTECA _PP24 _0COMPRA _o.STAFF. Colección General |
||
| 999 |
_a510.7 S79 _wDEWEY _c2 _i59872 _d2019-10-21 _f2021-11-5 _g6 _lCCODEBUL1 _mBUL _p57.00 _q3 _r0 _sN _tBOOK _u2015-6-25 _xBIBLIOTECA _PP27 _0COMPRA _o.STAFF. Colección General |
||
| 999 |
_a510.7 S79 _wDEWEY _c3 _i72336 _d2018-4-19 _e2017-10-19 _f2021-11-9 _g6 _lCCODEBUL1 _mBUL _n1 _p25.94 _q1 _r0 _sY _tBOOK _u2016-1-27 _xINGENIERIA _PP08 _0COMPRA _o.STAFF. Colección General |
||
| 999 |
_a510.7 S79 2 _wDEWEY _c3 _i60591 _d2019-10-14 _f2021-11-9 _g6 _lCCODEBUL1 _mBUL _p41.00 _q5 _r0 _sN _tBOOK _u2015-6-25 _xINGENIERIA _PP27 _0COMPRA _o.STAFF. Colección General |
||
| 980 |
_81 _gALBERTO SANCHEZ Responsable de Automatización |
||